| 000 | 00571nam a2200217Ia 4500 | ||
|---|---|---|---|
| 003 | OSt | ||
| 005 | 20241204095042.0 | ||
| 008 | 210329s9999||||xx |||||||||||||| ||und|| | ||
| 040 | _cSTCPL | ||
| 041 | _aHIN | ||
| 041 | _hHND | ||
| 082 |
_aH301 _bSAA-G |
||
| 100 |
_aManto, Saadat Hasan _qसआदत हसन मंटो |
||
| 245 | 0 |
_aGarbh beez / _cby Saadat Hasan Manto _hगर्भ बीज |
|
| 260 |
_aDelhi : _bVani Prakashan , _c2019 . |
||
| 300 |
_a96 p. _bHB |
||
| 650 | _aHindi literature | ||
| 650 | _aShort Stories | ||
| 942 | _cBK | ||
| 942 | _2ddc | ||
| 999 |
_c59151 _d59151 |
||